| 000 | 00542nam a2200193 a 4500 | ||
|---|---|---|---|
| 001 | 1768117516293 | ||
| 003 | YourLibrary | ||
| 005 | 20260112125815.0 | ||
| 008 | 260111s1995##################000#0#eng## | ||
| 020 | _a9780820418021 | ||
| 082 | 0 | 4 |
_a302.2307 _bMCL.4 |
| 100 | 1 |
_aMcLaren, Peter, _eauthor. |
|
| 245 | 1 | 0 | _aRethinking Media Literacy : |
| 260 |
_bPeter Lang Incorporated, International Academic Publishers, _c1995. |
||
| 300 | _a290 pages | ||
| 650 | 0 | _aEducation. | |
| 942 | _cENGLISH | ||
| 040 |
_aYourLibrary _beng _cYourLibrary |
||
| 999 |
_c608318 _d608318 |
||